<?xml version="1.0" encoding="UTF-8"?>
<record
    xmlns:xsi="http://www.w3.org/2001/XMLSchema-instance"
    xsi:schemaLocation="http://www.loc.gov/MARC21/slim http://www.loc.gov/standards/marcxml/schema/MARC21slim.xsd"
    xmlns="http://www.loc.gov/MARC21/slim">

  <leader>03168nam a2200565Ia 4500</leader>
  <controlfield tag="001">4789</controlfield>
  <controlfield tag="008">241029s9999    xx            000 0 und d</controlfield>
  <datafield tag="010" ind1=" " ind2=" ">
    <subfield code="a">4528</subfield>
  </datafield>
  <datafield tag="041" ind1=" " ind2=" ">
    <subfield code="a">Espa&#xF1;ol</subfield>
  </datafield>
  <datafield tag="082" ind1=" " ind2=" ">
    <subfield code="a">NO APLICA</subfield>
  </datafield>
  <datafield tag="245" ind1=" " ind2="0">
    <subfield code="a">Auto-eficiencia percibida y autoestima del alumnado de bajo rendimiento acad&#xE9;mico que asiste al Programa de Recuperaci&#xF3;n Acad&#xE9;mica (PRA), de la Direcci&#xF3;n de Orientaci&#xF3;n Profesional (DOP),  Universidad Aut&#xF3;noma de Santo Domingo (UASD), semestre acad&#xE9;mico 2012-2.</subfield>
  </datafield>
  <datafield tag="260" ind1=" " ind2=" ">
    <subfield code="a">Santo Domingo</subfield>
  </datafield>
  <datafield tag="300" ind1=" " ind2=" ">
    <subfield code="a">127</subfield>
  </datafield>
  <datafield tag="520" ind1=" " ind2=" ">
    <subfield code="a">29</subfield>
  </datafield>
  <datafield tag="630" ind1=" " ind2=" ">
    <subfield code="a">Actitudes</subfield>
  </datafield>
  <datafield tag="630" ind1=" " ind2=" ">
    <subfield code="a">Alfabetizaci&#xF3;n</subfield>
  </datafield>
  <datafield tag="630" ind1=" " ind2=" ">
    <subfield code="a">Calidad Educativa</subfield>
  </datafield>
  <datafield tag="630" ind1=" " ind2=" ">
    <subfield code="a">Redimiento acad&#xE9;mico</subfield>
  </datafield>
  <datafield tag="630" ind1=" " ind2=" ">
    <subfield code="a">Repetici&#xF3;n de Cursos</subfield>
  </datafield>
  <datafield tag="650" ind1=" " ind2=" ">
    <subfield code="a">Rendimiento</subfield>
  </datafield>
  <datafield tag="690" ind1=" " ind2=" ">
    <subfield code="a">Sintetizado</subfield>
  </datafield>
  <datafield tag="700" ind1=" " ind2=" ">
    <subfield code="e">asesor</subfield>
    <subfield code="a">Heredia, Le&#xF3;nidas </subfield>
  </datafield>
  <datafield tag="700" ind1=" " ind2=" ">
    <subfield code="e">autor</subfield>
    <subfield code="a">Fleire Tapia, Fiorivette </subfield>
  </datafield>
  <datafield tag="901" ind1=" " ind2=" ">
    <subfield code="a">{"1":"Fleire Tapia"}</subfield>
    <subfield code="b">{"1":"Fiorivette "}</subfield>
  </datafield>
  <datafield tag="902" ind1=" " ind2=" ">
    <subfield code="a">1</subfield>
  </datafield>
  <datafield tag="903" ind1=" " ind2=" ">
    <subfield code="a">{"1":"Heredia"}</subfield>
    <subfield code="b">{"1":"Le&#xF3;nidas "}</subfield>
  </datafield>
  <datafield tag="904" ind1=" " ind2=" ">
    <subfield code="a">Maestr&#xED;a Profesionalizante en</subfield>
  </datafield>
  <datafield tag="905" ind1=" " ind2=" ">
    <subfield code="a">Educaci&#xF3;n Superior</subfield>
  </datafield>
  <datafield tag="906" ind1=" " ind2=" ">
    <subfield code="a">2</subfield>
  </datafield>
  <datafield tag="907" ind1=" " ind2=" ">
    <subfield code="a">NO APLICA</subfield>
  </datafield>
  <datafield tag="908" ind1=" " ind2=" ">
    <subfield code="a">NO APLICA</subfield>
  </datafield>
  <datafield tag="909" ind1=" " ind2=" ">
    <subfield code="a">Universidad Aut&#xF3;noma de Santo Domingo (UASD)</subfield>
  </datafield>
  <datafield tag="910" ind1=" " ind2=" ">
    <subfield code="a">NULL</subfield>
    <subfield code="b">NULL</subfield>
  </datafield>
  <datafield tag="911" ind1=" " ind2=" ">
    <subfield code="a">["1"]</subfield>
  </datafield>
  <datafield tag="912" ind1=" " ind2=" ">
    <subfield code="a">NO APLICA</subfield>
  </datafield>
  <datafield tag="913" ind1=" " ind2=" ">
    <subfield code="a">NULL</subfield>
  </datafield>
  <datafield tag="914" ind1=" " ind2=" ">
    <subfield code="a">01 de Julio de 2013</subfield>
  </datafield>
  <datafield tag="915" ind1=" " ind2=" ">
    <subfield code="a">14/11/19 11:11</subfield>
  </datafield>
  <datafield tag="916" ind1=" " ind2=" ">
    <subfield code="a">NULL</subfield>
  </datafield>
  <datafield tag="917" ind1=" " ind2=" ">
    <subfield code="a">NULL</subfield>
  </datafield>
  <datafield tag="918" ind1=" " ind2=" ">
    <subfield code="a">NO APLICA</subfield>
  </datafield>
  <datafield tag="919" ind1=" " ind2=" ">
    <subfield code="a">["6","12","29","242","178"]</subfield>
  </datafield>
  <datafield tag="520" ind1=" " ind2=" ">
    <subfield code="a">Esta investigaci&#xF3;n tuvo como prop&#xF3;sito, determinar la relaci&#xF3;n que existe entre la auto-eficiencia percibida y la autoestima del alumnado de bajo rendimiento acad&#xE9;mico, que asiste al Programa de Recuperaci&#xF3;n Acad&#xE9;mica (PRA), de la Direcci&#xF3;n de Orientaci&#xF3;n Profesional (DOP),&#xA0; Universidad Aut&#xF3;noma de Santo Domingo (UASD), semestre acad&#xE9;mico 2012-2. Para tal fin, esta investigaci&#xF3;n fue no experimental, de tipo cualitativo-descriptivo, exploratorio y de corte transversal, con t&#xE9;cnica no probabil&#xED;stica, se seleccionaron cuarenta (40) estudiantes de ambos sexos.&#xA0; Los hallazgos indican que la auto-eficiencia&#xA0;acad&#xE9;mica reportada por el alumnado de bajo rendimiento que asisti&#xF3; al Programa de Recuperaci&#xF3;n Acad&#xE9;mica, es adecuado. En general, el promedio grupal est&#xE1; en un Nivel Medio. Por otro lado, su nivel de autoestima es alto y positivo de manera global. La prueba T- Student, permiti&#xF3; determinar que existe relaci&#xF3;n entre las variables autoestima y auto-eficiencia&#xA0;acad&#xE9;mica, al nivel de 95% de confianza. Sin embargo, el coeficiente de correlaci&#xF3;n de Pearson para las variables auto-eficacia&#xA0;acad&#xE9;mica e &#xED;ndice acad&#xE9;mico, es negativo y de relaci&#xF3;n d&#xE9;bil. Asimismo, el coeficiente de Pearson (autoestima e &#xED;ndice acad&#xE9;mico), es positivo, pero la relaci&#xF3;n es tambi&#xE9;n d&#xE9;bil.  Es posible establecer que las variables auto-eficiencia&#xA0;acad&#xE9;mica y autoestima, est&#xE1;n muy poco relacionadas con el rendimiento acad&#xE9;mico en el alumnado de bajo rendimiento que asisti&#xF3; al programa ya mencionado anteriormente.</subfield>
  </datafield>
  <datafield tag="921" ind1=" " ind2=" ">
    <subfield code="a">12</subfield>
  </datafield>
  <datafield tag="922" ind1=" " ind2=" ">
    <subfield code="a">12</subfield>
  </datafield>
  <datafield tag="923" ind1=" " ind2=" ">
    <subfield code="a">0</subfield>
  </datafield>
  <datafield tag="924" ind1=" " ind2=" ">
    <subfield code="a">NO APLICA</subfield>
  </datafield>
  <datafield tag="942" ind1=" " ind2=" ">
    <subfield code="c">Tesis</subfield>
  </datafield>
  <datafield tag="999" ind1=" " ind2=" ">
    <subfield code="c">4528</subfield>
    <subfield code="d">4528</subfield>
  </datafield>
</record>
